000 00566nam a2200145Ia 4500
008 140724s9999 xx 000 0 und d
050 _aBF 432.5
_b.R575 2013
100 _aRimando, Kamille A.
245 _aMultiple intelligence and academic performance of first year Psychologyology students of Southville International School and Colleges /
_cKamille A. Rimando.
260 _aLas PiƱas, Philippines :
_bSouthville International School and Colleges,
_cc2013.
300 _a43 p. :
_bcol. Ill. ;
_c28 cm.
521 _aPsychology
942 _cTH
999 _c229141
_d229141